000
00347nam a2200133Ia 4500
001
3998
008
241024s9999 xx 000 0 und d
082
_a
RD/923.27293/G633d/2015
100
_a
Wilson Gómez
245
0
_a
Duarte. Y la Simbología Patriótica
260
_b
Instituto Duartiano
_c
2015
901
_a
4/7/2015 2:45:41 a.m.
999
_c
7650
_d
7650